[Event "Medellin Cuartas Memorial"]
[Site "Medellin"]
[Date "2011.08.05"]
[Round "4"]
[White "Cuesta Bejarano, Manuel Enriq"]
[Black "Betancourt Giraldo, David Rogelio"]
[Result "0-1"]
[WhiteElo "1968"]
[BlackElo "2194"]
[PlyCount "58"]
[EventDate "2011.08.03"]
[EventType "swiss"]
[EventRounds "8"]
[EventCountry "COL"]
[SourceTitle "CBM 144 Extra"]
[Source "ChessBase"]
[SourceDate "2011.10.28"]
[SourceVersion "1"]
[SourceVersionDate "2011.10.28"]
[SourceQuality "1"]

1. d4 Nf6 2. c4 c5 3. d5 b5 4. cxb5 a6 5. Nc3 axb5 6. Bg5 b4 7. Bxf6 gxf6 8. Ne4 d6 9. e3 Bg7 10. Bb5+ Kf8 11. Bc4 f5 12. Ng5 h6 13. N5f3 Bxb2 14. Ne2 Rg8 15. Rb1 Bf6 16. 0-0 Nd7 17. Nf4 Nb6 18. Bd3 Rxa2 19. Nh5 e5 20. e4 fxe4 21. Bxe4 Na4 22. Re1 Nc3 23. Qc1 Bg5 24. Nxg5 Qxg5 25. Qxg5 Rxg5 26. Nf6 Ke7 27. h4 Rg7 28. Nh5 Rg4 29. Ng3 Nxb1 0-1

[Event "Medellin Depart Primera Mayor 2000"]
[Site "Medellin"]
[Date "2011.05.07"]
[Round "4.1"]
[White "Panesso Rivera, Henry"]
[Black "Cuesta Bejarano, Manuel Enriq"]
[Result "1-0"]
[WhiteElo "2351"]
[BlackElo "1967"]
[PlyCount "59"]
[EventDate "2011.05.04"]
[EventType "swiss"]
[EventRounds "7"]
[EventCountry "COL"]
[SourceTitle "EXT 2024"]
[Source "ChessBase"]
[SourceDate "2023.10.10"]
[SourceVersion "1"]
[SourceVersionDate "2023.10.10"]
[SourceQuality "1"]

1. d4 f5 2. g3 Nf6 3. Bg2 e6 4. Nh3 d5 5. c4 Bb4+ 6. Nd2 Nc6 7. e3 0-0 8. 0-0 Bxd2 9. Qxd2 Ne4 10. Qe2 Qe8 11. b3 a6 12. Ba3 Ne7 13. Nf4 c6 14. Nd3 Kh8 15. f3 Nf6 16. e4 Rf7 17. Ne5 Rf8 18. exf5 Nxf5 19. Bxf8 Qxf8 20. Qd2 c5 21. dxc5 Qxc5+ 22. Qf2 d4 23. Nd3 Qc7 24. Rfe1 Ne3 25. Rxe3 dxe3 26. Qxe3 Bd7 27. Ne5 Rf8 28. Rd1 b5 29. Nxd7 Nxd7 30. Qxe6 1-0

[Event "Medellin op"]
[Site "Medellin"]
[Date "2011.04.??"]
[Round "6"]
[White "Cuesta Bejarano, Manuel Enriq"]
[Black "Zabala, Fidel"]
[Result "0-1"]
[WhiteElo "2016"]
[BlackElo "2040"]
[PlyCount "64"]
[EventDate "2011.04.??"]
[EventType "swiss"]
[EventRounds "9"]
[EventCountry "COL"]
[SourceTitle "CBM 142 Extra"]
[Source "ChessBase"]
[SourceDate "2011.06.27"]
[SourceVersion "1"]
[SourceVersionDate "2011.06.27"]
[SourceQuality "1"]

1. d4 Nf6 2. c4 g6 3. Nc3 d5 4. cxd5 Nxd5 5. e4 Nxc3 6. bxc3 Bg7 7. Bc4 0-0 8. Ne2 c5 9. Be3 Nc6 10. 0-0 cxd4 11. cxd4 Bg4 12. f3 Na5 13. Bd3 Be6 14. Qd2 Bc4 15. Rac1 b5 16. Rc2 e6 17. Kh1 Bxd3 18. Qxd3 Nc4 19. Bg1 Qd7 20. Rfc1 Rfd8 21. Qb3 a6 22. f4 h5 23. Qh3 Qb7 24. Qd3 Rd7 25. h3 Rad8 26. a4 Nd6 27. e5 Nf5 28. axb5 axb5 29. Rb1 b4 30. Rc4 Bf8 31. Nc3 Qa8 32. Ne4 Qxe4 0-1

[Event "Medellin op 02"]
[Site "Medellin"]
[Date "2011.02.03"]
[Round "2"]
[White "Cuesta Bejarano, Manuel Enriq"]
[Black "Guerrero Sierra, Juan Carlos"]
[Result "1-0"]
[WhiteElo "1996"]
[BlackElo "2227"]
[PlyCount "76"]
[EventDate "2011.02.02"]
[EventType "swiss"]
[EventRounds "7"]
[EventCountry "COL"]
[SourceTitle "CBM 140 Extra"]
[Source "ChessBase"]
[SourceDate "2011.03.01"]
[SourceVersion "1"]
[SourceVersionDate "2011.03.01"]
[SourceQuality "1"]

1. e4 c6 2. d4 Na6 3. c3 Nc7 4. Bd3 g6 5. Nd2 Bg7 6. f4 d6 7. Ngf3 Nf6 8. Qe2 a5 9. 0-0 0-0 10. Rb1 b5 11. e5 Nfd5 12. Ne4 f6 13. h3 Ne6 14. g3 Qc7 15. Nf2 fxe5 16. dxe5 dxe5 17. Nxe5 Bxe5 18. fxe5 Nc5 19. Bh6 Rd8 20. Rbe1 Be6 21. Bc2 Qd7 22. g4 Qa7 23. Kh2 Qc7 24. Kg1 a4 25. Ne4 Nxe4 26. Bxe4 Kh8 27. Qc2 Rg8 28. Bg2 a3 29. b3 Qb6+ 30. Kh2 Qc5 31. Rf3 g5 32. Ref1 Ne3 33. Qf2 Nxf1+ 34. Qxf1 Qxe5+ 35. Kg1 Bd5 36. c4 bxc4 37. bxc4 Bxf3 38. Qxf3 Qf6 1-0